| 000 | 00481nam a2200193Ia 4500 | ||
|---|---|---|---|
| 008 | 170918s9999 xx 000 0 und d | ||
| 020 | _a9780590092425 | ||
| 050 | _bB879 1947 | ||
| 100 | _aBrown, Margaret Wise | ||
| 245 | _aGoodnight moon / | ||
| 245 | _cby Margaret Wise Brown ; pictures by Clement Hurd. | ||
| 260 | _aNew York : | ||
| 260 | _bScholastic, | ||
| 260 | _c1947 | ||
| 300 | _aunpaged : | ||
| 300 | _bchiefly colored ; | ||
| 300 | _c16cm. | ||
| 500 | _a200 | ||
| 999 |
_c343090 _d343090 |
||